000 00830nam a2200217Ia 4500
003 GCL
005 20240530095642.0
008 140319s9999 xx 000 0 ara d
020 _a4362227977
040 _aGCL /
_cGCL
082 0 4 _a324.262
_bق/م ح
100 1 _aعلى محمد الفاتح
245 1 0 _aالحزب الدستورى الاجتماعى الحر /
_cعلى محمد الفاتح
260 _aالقاهرة :
_bمركز الدراسات السياسية والاستراتيجية - الأهرام ،
_c2005
300 _a140 ص ؛
_c22 سم
490 _aسلسلة الأحزاب السياسية
_v0
650 0 4 _aمصر - الاحوال السياسية
650 0 4 _aمصر - الاحزاب السياسية
650 0 4 _aالحزب الدستورى الاجتماعى الحر
942 _2ddc
_cBK
999 _c9222
_d9222